Confucius / (Record no. 1891)

MARC details
000 -LEADER
fixed length control field 00568nam a22002057a 4500
003 - CONTROL NUMBER IDENTIFIER
control field OSt
005 - DATE AND TIME OF LATEST TRANSACTION
control field 20260305172015.0
008 - FIXED-LENGTH DATA ELEMENTS--GENERAL INFORMATION
fixed length control field 260305b |||||||| |||| 00| 0 eng d
020 ## - INTERNATIONAL STANDARD BOOK NUMBER
International Standard Book Number 9789351868163
040 ## - CATALOGING SOURCE
Language of cataloging English
Transcribing agency Central Library IIT Goa
082 ## - DEWEY DECIMAL CLASSIFICATION NUMBER
Classification number 181.092
Item number MAT
100 ## - MAIN ENTRY--PERSONAL NAME
Personal name Mathur, Manisha
Relator term author
9 (RLIN) 3727
245 ## - TITLE STATEMENT
Title Confucius /
Statement of responsibility, etc. Manisha Mathur
260 ## - PUBLICATION, DISTRIBUTION, ETC.
Place of publication, distribution, etc. New Delhi :
Name of publisher, distributor, etc. Prabhat Prakashan Pvt. Ltd. ,
Date of publication, distribution, etc. 2025
300 ## - PHYSICAL DESCRIPTION
Extent 183p.
650 ## - SUBJECT ADDED ENTRY--TOPICAL TERM
Topical term or geographic name entry element Hindi
9 (RLIN) 2694
650 ## - SUBJECT ADDED ENTRY--TOPICAL TERM
Topical term or geographic name entry element Philisophers (Biography)
9 (RLIN) 3728
650 ## - SUBJECT ADDED ENTRY--TOPICAL TERM
Topical term or geographic name entry element Philisophy
9 (RLIN) 3729
942 ## - ADDED ENTRY ELEMENTS (KOHA)
Source of classification or shelving scheme Dewey Decimal Classification
Koha item type Books
Holdings
Withdrawn status Lost status Source of classification or shelving scheme Damaged status Not for loan Collection code Home library Current library Shelving location Date acquired Source of acquisition Cost, normal purchase price Total Checkouts Full call number Barcode Date last seen Copy number Cost, replacement price Price effective from Koha item type Public note
    Dewey Decimal Classification     Hindi IIT Goa Central Library IIT Goa Central Library Fiction 2026-03-05 Shankar's Book Agency Pvt. Ltd. 400.00   181.092 MAT 4636 2026-03-05 1 400.00 2026-03-05 Books IN36834/25-26||07-02-2026||25.00%